|
|
|
|
| LEADER |
00000nam a22000007a 4500 |
| 005 |
20181102110347.0 |
| 007 |
cr|||| |||| |
| 008 |
181102s2016 co |||||s|||| 00||0 spa d |
| 020 |
|
|
|a 978-958-762-473-1
|
| 035 |
|
|
|a 22152
|
| 040 |
|
|
|a vLex
|
| 090 |
|
|
|c 8261
|d 8261
|
| 100 |
1 |
|
|a Toro Lp̤ez, Francisco J.
|
| 245 |
1 |
0 |
|a Indicadores y tableros de control de proyectos
|h [Recurso electrn̤ico] /
|c Francisco J. Toro Lp̤ez
|
| 256 |
|
|
|a Servicio en ln̕ea
|
| 260 |
|
|
|a Bogot:̀
|b Ediciones de la U,
|c 2016
|
| 300 |
|
|
|a 1 recurso electrn̤ico
|
| 500 |
|
|
|a Este libro est ̀dirigido principalmente, a ilustrar el uso de principios, valores y mecanismos para administrar las diversas fases de la concepcin̤ preliminar, planeacin̤, ejecucin̤ y evaluacin̤ de los proyectos, de una manera prc̀tica y funcional y en cierta forma preferencial, focalizando las medianas y pequeąs empresas. Comprende una serie de recomendaciones y principios en gran parte derivados de los que el Project Management Institute PMI ha recopilado en los l︢timos aǫs, sobre todo en las ediciones 4ʻ y 5ʻ.
|
| 506 |
1 |
|
|a Disponible solo en los productos indicados
|d vLex Global
|d vLex Global (Academic Edition, excluding Law Schools)
|d vLex Global (U.S. Academic Edition, Law Schools)
|d vLex Global (U.S. Academic Edition, excluding Law Schools)
|d vLex Global (Academic Edition, Law Schools)
|
| 650 |
0 |
4 |
|a Ciencias sociales
|z Colombia
|
| 650 |
0 |
4 |
|a Administracin̤ pb︢lica
|z Colombia
|
| 740 |
0 |
|
|a vLex Libros (Servicio en ln̕ea)
|
| 856 |
4 |
0 |
|u http://vlex.com/source/indicadores-y-tableros-de-control-de-proyectos-22152
|z Acceso restringido
|
| 942 |
|
|
|c BOOK
|
| 999 |
0 |
|
|a Social Sciences
|
| 999 |
0 |
|
|a Public administration
|